[Event "FIDE WYCC 2016 U16 boys"]
[Site "Khanty Mansiysk"]
[Date "2016.09.24"]
[Round "3.20"]
[White "Hilby, Craig"]
[Black "Mohammad, Fahim"]
[Result "1-0"]
[WhiteElo "2319"]
[BlackElo "2090"]
[Annotator "Reinhold Goldau"]
[PlyCount "87"]
[EventDate "2016.09.??"]
[EventType "swiss"]
[EventRounds "11"]
[EventCountry "RUS"]
[SourceTitle "Youth Database"]
[Source "CBase R.Goldau"]
[SourceDate "2000.03.01"]

1. e4 c5 2. Nf3 e6 3. d4 cxd4 4. Nxd4 Nf6 5. Nc3 Nc6 6. Ndb5 d6 7. Bf4 e5 8.
Bg5 a6 9. Na3 b5 10. Bxf6 gxf6 11. Nd5 Bg7 12. Bd3 Ne7 13. Nxe7 Qxe7 14. c4 f5
15. O-O O-O 16. Qf3 Qb7 17. exf5 Qxf3 18. gxf3 e4 19. Bxe4 d5 20. Bxd5 Rb8 21.
Rab1 Bxf5 22. Be4 Bh3 23. Rfd1 Kh8 24. Kh1 Rg8 25. Rd3 bxc4 26. Nxc4 Be6 27.
Bd5 Rgd8 28. Rbd1 Bxd5 29. Rxd5 Rxd5 30. Rxd5 Bxb2 31. Ra5 Bd4 32. Rxa6 Bxf2
33. Kg2 Bc5 34. Rc6 Rg8+ 35. Kh3 Rg5 36. f4 Rd5 37. Ne5 Kg7 38. Rc8 Bf8 39. a4
f6 40. Nc6 Rd3+ 41. Kg4 Kf7 42. a5 Ra3 43. Kf5 Bd6 44. Rd8 1-0

[Event "FIDE WYCC 2016 U16 boys"]
[Site "Khanty Mansiysk"]
[Date "2016.09.24"]
[Round "3.21"]
[White "Laurent Paoli, Pierre"]
[Black "D`avino, Gianfranco"]
[Result "1-0"]
[WhiteElo "2305"]
[BlackElo "2085"]
[Annotator "Reinhold Goldau"]
[PlyCount "69"]
[EventDate "2016.09.??"]
[EventType "swiss"]
[EventRounds "11"]
[EventCountry "RUS"]
[SourceTitle "Youth Database"]
[Source "CBase R.Goldau"]
[SourceDate "2000.03.01"]

1. c4 e5 2. g3 d6 3. Bg2 Nc6 4. Nc3 Be6 5. b4 Qd7 6. b5 Nd8 7. d3 g6 8. Nf3 Bh3
9. Bxh3 Qxh3 10. d4 Bg7 11. dxe5 dxe5 12. Nd5 Rc8 13. Bb2 c6 14. Nf4 Qf5 15.
O-O Ne7 16. e4 Qxe4 17. Re1 Qf5 18. Bxe5 Bxe5 19. Rxe5 Qf6 20. Qd4 O-O 21. Rae1
Ne6 22. Nxe6 fxe6 23. Rxe6 Qxd4 24. Nxd4 Nf5 25. Nxf5 Rxf5 26. Re8+ Rxe8 27.
Rxe8+ Kg7 28. Re7+ Rf7 29. Rxf7+ Kxf7 30. bxc6 bxc6 31. Kf1 Ke6 32. Ke2 c5 33.
Ke3 Kf5 34. h3 h5 35. f4 1-0

[Event "FIDE WYCC 2016 U16 boys"]
[Site "Khanty Mansiysk"]
[Date "2016.09.24"]
[Round "3.22"]
[White "Yordanov, Lachezar"]
[Black "Lintner, Igor"]
[Result "1-0"]
[WhiteElo "2300"]
[BlackElo "2065"]
[Annotator "Reinhold Goldau"]
[PlyCount "57"]
[EventDate "2016.09.??"]
[EventType "swiss"]
[EventRounds "11"]
[EventCountry "RUS"]
[SourceTitle "Youth Database"]
[Source "CBase R.Goldau"]
[SourceDate "2000.03.01"]

1. d4 d6 2. Nf3 Nf6 3. c4 g6 4. Nc3 Bg7 5. e4 O-O 6. Be2 e5 7. O-O Nc6 8. d5
Ne7 9. b4 a5 10. Ba3 Nd7 11. Ne1 f5 12. Nd3 b6 13. f3 Nf6 14. bxa5 Rxa5 15. Bb4
Ra8 16. a4 Bh6 17. a5 Be3+ 18. Nf2 Nh5 19. axb6 Rxa1 20. Qxa1 Bxb6 21. c5 dxc5
22. Ba3 fxe4 23. fxe4 c6 24. Bc4 cxd5 25. Nxd5 Nxd5 26. Bxd5+ Kg7 27. Qxe5+ Qf6
28. Bb2 c4 29. Qe7+ 1-0

[Event "FIDE WYCC 2016 U16 boys"]
[Site "Khanty Mansiysk"]
[Date "2016.09.24"]
[Round "3.23"]
[White "Stabulnieks, Klavs"]
[Black "Askerov, Marat"]
[Result "0-1"]
[WhiteElo "2069"]
[BlackElo "2299"]
[Annotator "Reinhold Goldau"]
[PlyCount "62"]
[EventDate "2016.09.??"]
[EventType "swiss"]
[EventRounds "11"]
[EventCountry "RUS"]
[SourceTitle "Youth Database"]
[Source "CBase R.Goldau"]
[SourceDate "2000.03.01"]

1. e4 c6 2. d4 d5 3. e5 Bf5 4. h4 h5 5. Ne2 e6 6. Ng3 Ne7 7. Be2 Bg6 8. Nxh5
Nf5 9. c3 Bxh5 10. Bxh5 g6 11. Bf3 Rxh4 12. Rxh4 Qxh4 13. g4 Ne7 14. Be3 Bh6
15. Bxh6 Qxh6 16. Nd2 Nd7 17. Qe2 O-O-O 18. O-O-O g5 19. Rh1 Qg6 20. Qe3 c5 21.
Be2 cxd4 22. cxd4 f5 23. Rh5 Rg8 24. Bd3 Qf7 25. Rxg5 fxg4 26. Rxg8+ Qxg8 27.
Qf4 Kb8 28. Nf1 Nb6 29. Ne3 Qh8 30. Qxg4 Qh1+ 31. Kd2 Qa1 0-1

[Event "FIDE WYCC 2016 U16 boys"]
[Site "Khanty Mansiysk"]
[Date "2016.09.24"]
[Round "3.24"]
[White "Zhu, Yi"]
[Black "Donoso Diaz, Sebastian"]
[Result "1-0"]
[WhiteElo "2296"]
[BlackElo "2005"]
[Annotator "Reinhold Goldau"]
[PlyCount "25"]
[EventDate "2016.09.??"]
[EventType "swiss"]
[EventRounds "11"]
[EventCountry "RUS"]
[SourceTitle "Youth Database"]
[Source "CBase R.Goldau"]
[SourceDate "2000.03.01"]

1. d4 Nf6 2. c4 c5 3. d5 d6 4. Nc3 e6 5. g3 exd5 6. cxd5 g6 7. Bg2 Bg7 8. Nf3
O-O 9. O-O a6 10. a4 Re8 11. Bf4 Nbd7 12. Nd2 Nh5 13. Bxd6 1-0

[Event "FIDE WYCC 2016 U16 boys"]
[Site "Khanty Mansiysk"]
[Date "2016.09.24"]
[Round "3.25"]
[White "Voinikonis, Nikita"]
[Black "Mitrabha, Guha"]
[Result "0-1"]
[WhiteElo "2055"]
[BlackElo "2286"]
[Annotator "Reinhold Goldau"]
[PlyCount "67"]
[EventDate "2016.09.??"]
[EventType "swiss"]
[EventRounds "11"]
[EventCountry "RUS"]
[SourceTitle "Youth Database"]
[Source "CBase R.Goldau"]
[SourceDate "2000.03.01"]

1. e4 c6 2. d4 d5 3. Nc3 dxe4 4. Nxe4 Bf5 5. Ng3 Bg6 6. Nf3 Nd7 7. Bd3 e6 8.
O-O Ngf6 9. b3 Be7 10. Bb2 Qc7 11. c4 O-O 12. Qe2 Rfd8 13. Rfd1 a5 14. Bxg6
hxg6 15. d5 Nf8 16. Be5 Bd6 17. dxc6 Qxc6 18. Nd4 Qb6 19. Nb5 Bxe5 20. Qxe5
Qxf2+ 21. Kxf2 Ng4+ 22. Ke2 Nxe5 23. c5 Rxd1 24. Rxd1 Nfd7 25. Ne4 f5 26. Ng5
Nxc5 27. Nc7 Rc8 28. Ncxe6 Nxe6 29. Nxe6 Kf7 30. Nd8+ Kf6 31. Nxb7 a4 32. bxa4
Rc4 33. a5 Re4+ 34. Kf1 0-1

[Event "FIDE WYCC 2016 U16 boys"]
[Site "Khanty Mansiysk"]
[Date "2016.09.24"]
[Round "3.26"]
[White "Banzea, Alexandru Bogdan"]
[Black "Thilakarathne, G M S."]
[Result "1-0"]
[WhiteElo "2284"]
[BlackElo "1900"]
[Annotator "Reinhold Goldau"]
[PlyCount "61"]
[EventDate "2016.09.??"]
[EventType "swiss"]
[EventRounds "11"]
[EventCountry "RUS"]
[SourceTitle "Youth Database"]
[Source "CBase R.Goldau"]
[SourceDate "2000.03.01"]

1. e4 c5 2. Nf3 e6 3. d4 cxd4 4. Nxd4 a6 5. c4 Nf6 6. Nc3 Qc7 7. a3 b6 8. Be2
Bb7 9. f3 d6 10. Be3 Be7 11. Qd2 Nbd7 12. O-O Rc8 13. Rac1 Qb8 14. b4 O-O 15.
Rfd1 Rfe8 16. Nb3 h5 17. h3 Bf8 18. Bf1 Be7 19. Qf2 Bd8 20. Na4 Ba8 21. Kh1 h4
22. c5 bxc5 23. Na5 Bxa5 24. bxa5 Rc6 25. Qxh4 Qb3 26. Nc3 Qxa3 27. Bd2 Qxa5
28. Ra1 Qd8 29. Rxa6 d5 30. Bb5 Rxa6 31. Bxa6 1-0

[Event "FIDE WYCC 2016 U16 boys"]
[Site "Khanty Mansiysk"]
[Date "2016.09.24"]
[Round "3.27"]
[White "Svidersky, Nikita"]
[Black "Roshka, Yevgeniy"]
[Result "1-0"]
[WhiteElo "1979"]
[BlackElo "2275"]
[Annotator "Reinhold Goldau"]
[PlyCount "105"]
[EventDate "2016.09.??"]
[EventType "swiss"]
[EventRounds "11"]
[EventCountry "RUS"]
[SourceTitle "Youth Database"]
[Source "CBase R.Goldau"]
[SourceDate "2000.03.01"]

1. e4 g6 2. d4 Bg7 3. Nc3 c6 4. h3 d5 5. Be3 dxe4 6. Nxe4 Nh6 7. g4 f5 8. g5
Nf7 9. Nc3 e5 10. dxe5 Nxe5 11. Qxd8+ Kxd8 12. O-O-O+ Nbd7 13. Bd4 Rg8 14. f4
Nf7 15. Bc4 Bxd4 16. Rxd4 Rg7 17. Nf3 Kc7 18. Rhd1 Nc5 19. Re1 Nd6 20. b4 Nce4
21. Nxe4 fxe4 22. Nd2 e3 23. Ne4 Nf5 24. Rd3 Re7 25. Nf6 a5 26. b5 a4 27. Bg8
Be6 28. Bxe6 Rxe6 29. Rd7+ Kb6 30. Rxh7 Rd8 31. Nd7+ Kxb5 32. Ne5 b6 33. Rf7
Rd5 34. c4+ Kc5 35. cxd5 cxd5 36. Nxg6 Nd6 37. Rf6 Re4 38. Ne5 d4 39. g6 Ne8
40. Rf8 Ng7 41. Rf7 Ne6 42. g7 Nxg7 43. Rxg7 Kd5 44. Rf7 Ke6 45. Kc2 e2 46. Kd2
Re3 47. Rxe2 Rxh3 48. f5+ Kd6 49. Nd3 Rh5 50. Re6+ Kd5 51. Rd7+ Kc4 52. Rc7+
Kb5 53. Re5+ 1-0

[Event "FIDE WYCC 2016 U16 boys"]
[Site "Khanty Mansiysk"]
[Date "2016.09.24"]
[Round "3.28"]
[White "Cadilhac, Igor Tokuichi Kikuc"]
[Black "Marais, Daniel"]
[Result "1-0"]
[WhiteElo "2269"]
[BlackElo "1850"]
[Annotator "Reinhold Goldau"]
[PlyCount "103"]
[EventDate "2016.09.??"]
[EventType "swiss"]
[EventRounds "11"]
[EventCountry "RUS"]
[SourceTitle "Youth Database"]
[Source "CBase R.Goldau"]
[SourceDate "2000.03.01"]

1. e4 e5 2. Nf3 Nc6 3. Bb5 a6 4. Ba4 Nge7 5. O-O g6 6. c3 Bg7 7. d4 exd4 8.
cxd4 b5 9. Bb3 O-O 10. Nc3 d6 11. h3 Kh8 12. Bg5 f6 13. Be3 Na5 14. Bc2 Bb7 15.
d5 Nc4 16. Bc1 c5 17. dxc6 Nxc6 18. b3 N4e5 19. Bb2 Nb4 20. Nd4 Nxc2 21. Qxc2
Re8 22. Rad1 Rc8 23. Qd2 Nf7 24. Rfe1 Ng5 25. f3 Qb6 26. Kh1 Nf7 27. Nd5 Qd8
28. Bc3 Bh6 29. Qb2 Ne5 30. Ne2 Bxd5 31. Rxd5 Qc7 32. Red1 Re6 33. Qa3 Qb6 34.
Rxd6 Rxd6 35. Qxd6 Qxd6 36. Rxd6 b4 37. Bxb4 Rc2 38. Rd8+ Kg7 39. Bf8+ Kf7 40.
Bxh6 Rxe2 41. Rd2 Re1+ 42. Kh2 g5 43. h4 gxh4 44. Bf4 Ke6 45. Bxe5 Kxe5 46.
Rd5+ Kf4 47. Rf5+ Ke3 48. e5 Kf2 49. exf6 Rg1 50. f7 h3 51. Kxh3 h5 52. Rxh5
1-0

[Event "FIDE WYCC 2016 U16 boys"]
[Site "Khanty Mansiysk"]
[Date "2016.09.24"]
[Round "3.29"]
[White "Villca, Julian"]
[Black "Maerevoet, Sim"]
[Result "1-0"]
[WhiteElo "2234"]
[BlackElo "1771"]
[Annotator "Reinhold Goldau"]
[PlyCount "55"]
[EventDate "2016.09.??"]
[EventType "swiss"]
[EventRounds "11"]
[EventCountry "RUS"]
[SourceTitle "Youth Database"]
[Source "CBase R.Goldau"]
[SourceDate "2000.03.01"]

1. c4 g6 2. g3 Bg7 3. Nf3 b6 4. Bg2 Bb7 5. d4 e6 6. Nc3 d6 7. O-O Ne7 8. e4 Nd7
9. Be3 h6 10. Qd2 a6 11. Ne1 c5 12. d5 e5 13. Nd3 g5 14. f4 exf4 15. gxf4 g4
16. e5 Nf5 17. exd6 O-O 18. Ne5 Nxd6 19. Nxg4 Nxc4 20. Qd3 Nxb2 21. Qf5 Nc4 22.
Be4 Re8 23. Nxh6+ Bxh6 24. Qh7+ Kf8 25. Qxh6+ Ke7 26. d6+ Nxd6 27. Bxb7 Rg8+
28. Bg2 1-0

[Event "FIDE WYCC 2016 U16 boys"]
[Site "Khanty Mansiysk"]
[Date "2016.09.24"]
[Round "3.32"]
[White "Hiebert, Kenji"]
[Black "Riess, Alexander"]
[Result "0-1"]
[WhiteElo "2066"]
[BlackElo "2227"]
[Annotator "Reinhold Goldau"]
[PlyCount "70"]
[EventDate "2016.09.??"]
[EventType "swiss"]
[EventRounds "11"]
[EventCountry "RUS"]
[SourceTitle "Youth Database"]
[Source "CBase R.Goldau"]
[SourceDate "2000.03.01"]

1. e4 c5 2. Nf3 Nc6 3. Bb5 d6 4. O-O Bd7 5. Re1 Nf6 6. c3 a6 7. Bf1 Bg4 8. h3
Bxf3 9. Qxf3 e6 10. Qd1 d5 11. e5 Nd7 12. f4 Be7 13. d3 O-O 14. Be3 Bh4 15. Re2
d4 16. Bf2 Bxf2+ 17. Rxf2 f6 18. exf6 Nxf6 19. c4 Qe8 20. Be2 Ne7 21. g4 Qg6
22. Bf3 Rab8 23. Bg2 b5 24. Qe2 Nd7 25. f5 Qf6 26. fxe6 Qxf2+ 27. Qxf2 Rxf2 28.
Kxf2 Ne5 29. Bf1 bxc4 30. dxc4 Rxb2+ 31. Kg3 Rc2 32. Kf4 N7g6+ 33. Ke4 Rc1 34.
e7 Kf7 35. Kd5 Rxf1 0-1

[Event "FIDE WYCC 2016 U16 boys"]
[Site "Khanty Mansiysk"]
[Date "2016.09.24"]
[Round "3.33"]
[White "Shkurkin, Andrey"]
[Black "Sezdbekov, Arzybek"]
[Result "1-0"]
[WhiteElo "2190"]
[BlackElo "1861"]
[Annotator "Reinhold Goldau"]
[PlyCount "55"]
[EventDate "2016.09.??"]
[EventType "swiss"]
[EventRounds "11"]
[EventCountry "RUS"]
[SourceTitle "Youth Database"]
[Source "CBase R.Goldau"]
[SourceDate "2000.03.01"]

1. d4 d5 2. c4 c6 3. cxd5 cxd5 4. Bf4 e6 5. Nc3 Nc6 6. e3 a6 7. Bd3 Nf6 8. Rc1
Bd6 9. Bxd6 Qxd6 10. f4 h5 11. Nf3 h4 12. O-O Ng4 13. Qe2 f5 14. Ne5 Ngxe5 15.
dxe5 Qe7 16. Rfd1 g5 17. b3 gxf4 18. exf4 Qb4 19. Bxf5 Qxf4 20. Bg6+ Ke7 21.
Kh1 Qg5 22. Qc2 d4 23. Rf1 Rf8 24. Nd5+ Kd7 25. Nb6+ Kc7 26. Nxa8+ Kb8 27. Rxf8
h3 28. Rcf1 1-0

[Event "FIDE WYCC 2016 U16 boys"]
[Site "Khanty Mansiysk"]
[Date "2016.09.24"]
[Round "3.34"]
[White "Kalinouski, Siarhei"]
[Black "Petersen, Caleb"]
[Result "1-0"]
[WhiteElo "2169"]
[BlackElo "1884"]
[Annotator "Reinhold Goldau"]
[PlyCount "60"]
[EventDate "2016.09.??"]
[EventType "swiss"]
[EventRounds "11"]
[EventCountry "RUS"]
[SourceTitle "Youth Database"]
[Source "CBase R.Goldau"]
[SourceDate "2000.03.01"]

1. e4 c5 2. Nf3 d6 3. d4 cxd4 4. Nxd4 Nf6 5. Nc3 a6 6. Be2 e6 7. O-O Qc7 8. a4
Nbd7 9. Be3 Nc5 10. f3 Be7 11. Qd2 O-O 12. a5 Rd8 13. b4 Ncd7 14. b5 axb5 15.
Ncxb5 Qb8 16. a6 d5 17. a7 Qe5 18. f4 Nxe4 19. fxe5 Nxd2 20. Bxd2 Bc5 21. Kh1
Nxe5 22. Nb3 Bb6 23. Ba5 Bxa5 24. Nxa5 b6 25. Nb3 Nc6 26. Ra4 Bb7 27. Rfa1 Rac8
28. N5d4 Ne5 29. Ba6 Bxa6 30. Rxa6 Ra8 1-0

[Event "FIDE WYCC 2016 U16 boys"]
[Site "Khanty Mansiysk"]
[Date "2016.09.24"]
[Round "3.35"]
[White "Doluweera, Minul Sanjula"]
[Black "Wang, Ting Hao"]
[Result "1-0"]
[WhiteElo "2127"]
[BlackElo "1618"]
[Annotator "Reinhold Goldau"]
[PlyCount "61"]
[EventDate "2016.09.??"]
[EventType "swiss"]
[EventRounds "11"]
[EventCountry "RUS"]
[SourceTitle "Youth Database"]
[Source "CBase R.Goldau"]
[SourceDate "2000.03.01"]

1. c4 c5 2. Nf3 Nc6 3. d4 cxd4 4. Nxd4 g6 5. e4 Bg7 6. Be3 Nf6 7. Nc3 Qa5 8.
Nb3 Qd8 9. Be2 d6 10. O-O O-O 11. f3 b6 12. Qd2 Re8 13. Rac1 Bb7 14. Nd4 Nxd4
15. Bxd4 Qc8 16. Rfd1 Qe6 17. a4 Nd7 18. Be3 Nc5 19. Qc2 Bxc3 20. Qxc3 Nxa4 21.
Qa3 Nc5 22. b4 Nd7 23. c5 dxc5 24. Bc4 Qc6 25. b5 Qc8 26. Qc3 e6 27. Bh6 f6 28.
Rd6 Ne5 29. Rcd1 Nf7 30. Bg5 Re7 31. Bxf6 1-0

[Event "FIDE WYCC 2016 U16 boys"]
[Site "Khanty Mansiysk"]
[Date "2016.09.24"]
[Round "3.36"]
[White "Garbowski, Jakub"]
[Black "Savic, Mihailo S"]
[Result "1/2-1/2"]
[WhiteElo "2030"]
[BlackElo "2067"]
[Annotator "Reinhold Goldau"]
[PlyCount "53"]
[EventDate "2016.09.??"]
[EventType "swiss"]
[EventRounds "11"]
[EventCountry "RUS"]
[SourceTitle "Youth Database"]
[Source "CBase R.Goldau"]
[SourceDate "2000.03.01"]

1. e4 e6 2. d4 d5 3. Nd2 Nf6 4. e5 Nfd7 5. Bd3 c5 6. c3 Nc6 7. Ne2 cxd4 8. cxd4
f6 9. exf6 Nxf6 10. Nf3 Bd6 11. O-O O-O 12. Bf4 Bxf4 13. Nxf4 Ne4 14. Qc1 Ng5
15. Nxg5 Qxg5 16. Bxh7+ Kxh7 17. Nxe6 Qxc1 18. Nxf8+ Kg8 19. Raxc1 Kxf8 20.
Rfe1 Kf7 21. f3 Be6 22. Kf2 Ke7 23. Rcd1 Kd6 24. h4 Rc8 25. Rh1 Ne7 26. Rd2 g6
27. g4 1/2-1/2

[Event "FIDE WYCC 2016 U16 boys"]
[Site "Khanty Mansiysk"]
[Date "2016.09.24"]
[Round "3.37"]
[White "Zubehhin, Aleksei"]
[Black "Tifferet, Shaked"]
[Result "1/2-1/2"]
[WhiteElo "1866"]
[BlackElo "2220"]
[Annotator "Reinhold Goldau"]
[PlyCount "66"]
[EventDate "2016.09.??"]
[EventType "swiss"]
[EventRounds "11"]
[EventCountry "RUS"]
[SourceTitle "Youth Database"]
[Source "CBase R.Goldau"]
[SourceDate "2000.03.01"]

1. d4 Nf6 2. c4 g6 3. Nc3 d5 4. cxd5 Nxd5 5. e4 Nxc3 6. bxc3 Bg7 7. Bc4 O-O 8.
Ne2 Nc6 9. Be3 e5 10. O-O Qe7 11. f3 b6 12. Bd5 Bb7 13. dxe5 Bxe5 14. Nd4 Qd6
15. f4 Bg7 16. Qa4 Na5 17. Bxb7 Nxb7 18. e5 Qe7 19. Nc6 Qe8 20. Qe4 Nd6 21. Qd5
Nf5 22. Bf2 Ne7 23. Nxe7+ Qxe7 24. Rad1 Rad8 25. Qb7 Rxd1 26. Rxd1 Rd8 27. Rd5
h5 28. g3 Rxd5 29. Qxd5 Kh7 30. Kg2 Qe8 31. c4 c5 32. a3 Kg8 33. h3 Qc8 1/2-1/2

[Event "FIDE WYCC 2016 U16 boys"]
[Site "Khanty Mansiysk"]
[Date "2016.09.24"]
[Round "3.38"]
[White "Koziol, Kamil"]
[Black "Herath, H M A K."]
[Result "1-0"]
[WhiteElo "2212"]
[BlackElo "1860"]
[Annotator "Reinhold Goldau"]
[PlyCount "77"]
[EventDate "2016.09.??"]
[EventType "swiss"]
[EventRounds "11"]
[EventCountry "RUS"]
[SourceTitle "Youth Database"]
[Source "CBase R.Goldau"]
[SourceDate "2000.03.01"]

1. d4 d5 2. c4 e6 3. Nc3 Nf6 4. Nf3 Bb4 5. e3 O-O 6. Qc2 c5 7. a3 Bxc3+ 8. bxc3
Nbd7 9. Bd3 Qa5 10. O-O Nb6 11. Ne5 dxc4 12. Nxc4 Nxc4 13. Bxc4 Bd7 14. Rb1 Bc6
15. f3 Rac8 16. Qa2 b5 17. Bb3 c4 18. Bd1 Rfd8 19. Bd2 a6 20. e4 Ne8 21. Rf2
Qc7 22. e5 Qe7 23. Bc2 Bd5 24. Re1 Nc7 25. Bb1 Rb8 26. Qc2 g6 27. Qc1 Rdc8 28.
Bg5 Qf8 29. Bh6 Qe7 30. Bg5 Qf8 31. f4 Ne8 32. g4 f6 33. f5 fxg5 34. fxg6 Qh6
35. gxh7+ Kh8 36. Qxg5 Qg7 37. Qh5 Rb7 38. Ref1 Nc7 39. Rf7 1-0

[Event "FIDE WYCC 2016 U16 boys"]
[Site "Khanty Mansiysk"]
[Date "2016.09.24"]
[Round "3.39"]
[White "Nurzhanov, Timur"]
[Black "Van Der Lingen, Cornelis Petru"]
[Result "1-0"]
[WhiteElo "2087"]
[BlackElo "1826"]
[Annotator "Reinhold Goldau"]
[PlyCount "63"]
[EventDate "2016.09.??"]
[EventType "swiss"]
[EventRounds "11"]
[EventCountry "RUS"]
[SourceTitle "Youth Database"]
[Source "CBase R.Goldau"]
[SourceDate "2000.03.01"]

1. d4 Nf6 2. c4 g6 3. Nc3 d5 4. Nf3 Bg7 5. h4 O-O 6. cxd5 Nxd5 7. h5 Nc6 8.
hxg6 hxg6 9. e4 Nxc3 10. bxc3 Na5 11. Be3 c5 12. Qd2 cxd4 13. cxd4 Nc6 14. Rc1
Qa5 15. Qxa5 Nxa5 16. d5 Rd8 17. Bg5 f6 18. Bd2 b6 19. Rc7 Rd7 20. Rc1 Bb7 21.
Bb5 Rdd8 22. Rc7 Rac8 23. Rxe7 a6 24. Bd7 Rc2 25. Be6+ Kf8 26. Rf7+ Kg8 27.
Re7+ Kf8 28. Rf7+ Kg8 29. Rd7+ Kf8 30. Rxd8+ Ke7 31. Rd7+ Kf8 32. Bf7 1-0

[Event "FIDE WYCC 2016 U16 boys"]
[Site "Khanty Mansiysk"]
[Date "2016.09.24"]
[Round "3.40"]
[White "Min, Po Yen"]
[Black "Kristensen, Bjarke Hautop"]
[Result "1/2-1/2"]
[WhiteElo "1842"]
[BlackElo "2039"]
[Annotator "Reinhold Goldau"]
[PlyCount "61"]
[EventDate "2016.09.??"]
[EventType "swiss"]
[EventRounds "11"]
[EventCountry "RUS"]
[SourceTitle "Youth Database"]
[Source "CBase R.Goldau"]
[SourceDate "2000.03.01"]

1. d4 Nf6 2. c4 c5 3. d5 b5 4. cxb5 a6 5. bxa6 g6 6. Nc3 Bg7 7. e4 O-O 8. Nf3
d6 9. Be2 Qa5 10. O-O Bxa6 11. Re1 Nbd7 12. h3 Rfb8 13. Bxa6 Qxa6 14. e5 dxe5
15. Nxe5 Nxe5 16. Rxe5 Qd6 17. Re2 Ra5 18. Bg5 Rb7 19. Rc1 c4 20. Bxf6 Qxf6 21.
b3 cxb3 22. axb3 Qb6 23. Ne4 h6 24. Rb1 Rd7 25. Rd2 Qb4 26. Qg4 Qb7 27. Qe2
Raxd5 28. Rxd5 Rxd5 29. Nd2 Bd4 30. Nf3 Bf6 31. Qc4 1/2-1/2

[Event "FIDE WYCC 2016 U16 boys"]
[Site "Khanty Mansiysk"]
[Date "2016.09.24"]
[Round "3.41"]
[White "Chumak, Dmitrii"]
[Black "Bold, Khosbayar"]
[Result "0-1"]
[WhiteElo "1791"]
[BlackElo "1926"]
[Annotator "Reinhold Goldau"]
[PlyCount "124"]
[EventDate "2016.09.??"]
[EventType "swiss"]
[EventRounds "11"]
[EventCountry "RUS"]
[SourceTitle "Youth Database"]
[Source "CBase R.Goldau"]
[SourceDate "2000.03.01"]

1. e4 c5 2. Nf3 d6 3. d4 cxd4 4. Nxd4 Nf6 5. Nc3 Nc6 6. f3 e5 7. Nb3 Be7 8. Be3
O-O 9. Bc4 a5 10. a4 Nb4 11. O-O Be6 12. Nd5 Nfxd5 13. Bxd5 Nxd5 14. exd5 Bf5
15. c4 b6 16. Qe2 Bg6 17. f4 exf4 18. Bxf4 Bf6 19. Qd2 Rc8 20. Rac1 Re8 21. Na1
Re4 22. b3 Qe7 23. Rce1 Re8 24. Nc2 Qc7 25. Rxe4 Rxe4 26. Re1 Qe7 27. Rxe4 Qxe4
28. Qe3 Qe7 29. Qxe7 Bxe7 30. Na3 Kf8 31. Kf2 Ke8 32. Ke3 Kd7 33. Kd2 Be4 34.
g3 h5 35. Nb5 g5 36. Be3 Bd8 37. Na7 f6 38. Nc6 Bc7 39. Bd4 f5 40. Bf6 g4 41.
Nd4 Bd8 42. Bxd8 Kxd8 43. Ne6+ Ke7 44. Kc3 Kf6 45. b4 Ke5 46. bxa5 bxa5 47. Nf4
Bf3 48. Nxh5 Bd1 49. Nf4 Bxa4 50. c5 dxc5 51. Kc4 Be8 52. Kxc5 a4 53. Nd3+ Ke4
54. Nb4 Kf3 55. Kd6 Kg2 56. Nc2 Kxh2 57. Ke7 Bb5 58. Na3 f4 59. Nxb5 f3 60. d6
f2 61. d7 f1=Q 62. d8=Q Qxb5 0-1

[Event "FIDE WYCC 2016 U16 boys"]
[Site "Khanty Mansiysk"]
[Date "2016.09.24"]
[Round "3.42"]
[White "Khodashneli, Shota"]
[Black "Hsieh, Wen Chin"]
[Result "1-0"]
[WhiteElo "1926"]
[BlackElo "1063"]
[Annotator "Reinhold Goldau"]
[PlyCount "39"]
[EventDate "2016.09.??"]
[EventType "swiss"]
[EventRounds "11"]
[EventCountry "RUS"]
[SourceTitle "Youth Database"]
[Source "CBase R.Goldau"]
[SourceDate "2000.03.01"]

1. e4 e5 2. Nf3 Nc6 3. d4 exd4 4. Nxd4 Bc5 5. Be3 Qf6 6. c3 Nge7 7. Bc4 Ne5 8.
Be2 c6 9. O-O O-O 10. f4 N5g6 11. Qd2 d6 12. f5 Bxd4 13. cxd4 h6 14. fxg6 Qxg6
15. Nc3 Be6 16. Bd3 f5 17. Rae1 Rf6 18. Bf4 fxe4 19. Nxe4 Rff8 20. Nxd6 1-0

[Event "FIDE WYCC 2016 U16 boys"]
[Site "Khanty Mansiysk"]
[Date "2016.09.25"]
[Round "4.1"]
[White "Tabatabaei, M Amin"]
[Black "Urban, Konstantin"]
[Result "1-0"]
[WhiteElo "2493"]
[BlackElo "2361"]
[Annotator "Reinhold Goldau"]
[PlyCount "87"]
[EventDate "2016.09.??"]
[EventType "swiss"]
[EventRounds "11"]
[EventCountry "RUS"]
[SourceTitle "Youth Database"]
[Source "CBase R.Goldau"]
[SourceDate "2000.03.01"]
[WhiteClock "0:36:07"]
[BlackClock "0:31:30"]

1. a3 Nf6 2. Nf3 g6 3. b4 Bg7 4. Bb2 O-O 5. g3 b6 6. Bg2 Bb7 7. O-O c5 8. c4 d6
9. d3 Nbd7 10. Nbd2 Qc7 11. e4 e6 12. Re1 d5 13. cxd5 exd5 14. e5 Ng4 15. d4
cxd4 16. Rc1 Qd8 17. Bxd4 Re8 18. e6 fxe6 19. Bxg7 Kxg7 20. Nd4 Nge5 21. Qb3
Rc8 22. Rxc8 Qxc8 23. Bh3 Nc4 24. Nxe6+ Kg8 25. Qc3 Re7 26. Rc1 Nf8 27. Nf4 Qc6
28. Bg2 Qd6 29. Nxc4 dxc4 30. Qxc4+ Kg7 31. Bxb7 Rxb7 32. Qc6 Qxc6 33. Rxc6 Rd7
34. h4 Kf7 35. Kg2 Ke7 36. Kf3 Kf7 37. Ke4 Ke7 38. Nd5+ Kf7 39. Ke5 Rd8 40.
Rc7+ Nd7+ 41. Kd6 Ke8 42. Rxa7 Nf6+ 43. Ke6 Nxd5 44. Rxh7 1-0